| 000 | 00357nam a2200145Ia 4500 | ||
|---|---|---|---|
| 008 | 191201s2004 xx 000 0 und d | ||
| 082 |
_a621.38043 _bROS |
||
| 100 | _aROBERTS, M J | ||
| 245 | 0 | _aSignals and Systems | |
| 250 | _a3rd | ||
| 260 |
_aN.Delhi _bTata Mc Graw Hill Pub. Co. Ltd _c2004 |
||
| 300 | _a1054 | ||
| 650 | _aB.Tech(ECE) | ||
| 942 |
_2ddc _cBK |
||
| 999 |
_c1127 _d1127 |
||